[Event "Rostov on Don op"]
[Site "Rostov on Don"]
[Date "1993.??.??"]
[Round "?"]
[White "Magerramov, Elmar S"]
[Black "Raetsky, Alexander"]
[Result "1-0"]
[WhiteElo "2565"]
[BlackElo "2465"]
[Annotator "Chekhov,V"]
[PlyCount "79"]
[EventDate "1993.05.??"]
[EventType "swiss"]
[EventRounds "9"]
[EventCountry "RUS"]
[SourceTitle "CBM 036"]
[Source "ChessBase"]
[SourceDate "1993.10.01"]
[SourceVersion "1"]
[SourceVersionDate "1993.10.01"]
[SourceQuality "1"]

1. d4 d5 2. c4 dxc4 3. Nf3 Nf6 4. e3 e6 5. Bxc4 c5 6. O-O a6 7. a4 Nc6 8. Qe2
cxd4 (8... Qc7 9. Nc3 Bd6 10. Bd2 $5 O-O 11. d5 exd5 12. Nxd5 Nxd5 13. Bxd5 Ne5
14. Nxe5 Bxe5 15. f4 $1 Bxb2 16. Rab1 Rd8 17. Bxf7+ Qxf7 18. Rxb2 $36 {Miles,
A-Ye,Rongguang PRC 1991/}) 9. Rd1 Be7 10. exd4 O-O 11. Nc3 Nd5 12. Bb3 (12. Qe4
Ncb4 (12... Nf6 $5) 13. Ne5 Qd6 14. Qg4 f5 15. Qe2 b6 16. Bxd5 $1 Nxd5 17. Nc4
Nxc3 18. bxc3 Qc7 19. Ba3 $14 {Marin,M-Garcia Palermo,C Andorra 1991/}) (12.
Bd3 Ncb4 13. Bb1 b6 14. Ne5 Bb7 15. Ne4 Rc8 16. Ra3 f5 17. Ng3 Rxc1 $1 18. Rxc1
Nf4 19. Qc4 Bxg2 20. f3 b5 $1 $17 {Naumkin,I Sadler,M London 1991/}) 12... Ncb4
(12... Re8 13. Bd2 $5 Bf6 14. Qe4 $1 Bd7 15. Ne5 Nce7 16. Nxd5 Nxd5 17. Rac1
Rc8 18. Rxc8 Qxc8 19. Rc1 Qd8 20. h3 $14 {Chekhov,V-Jasnikowski,Z Beskidy 1992/
}) 13. Ne5 Bd7 14. Nxd5 $5 $146 (14. h3 $5 Be8 15. Qf3 Rc8 16. Bd2 Nxc3 17.
bxc3 Nc6 18. Bf4 Bd6 19. Qg3 $14 {Vyzmanavin,A-Ehlvest,J Tilburg 1992/}) (14.
Qg4 Nf6 15. Qg3 Bc6 16. Bh6 Ne8 17. Rac1 (17. Nxc6 $5 bxc6 18. Ne4 $14) 17...
Rc8 18. Qg4 Kh8 19. d5 Bxd5 20. Nxd5 Rxc1 21. Rxc1 exd5 22. Qf5 $44 {
Magerramov,E-Ibragimov,I Moscow 1991/}) 14... Nxd5 15. Rd3 Bc6 16. Rg3 $6 (16.
Nxc6 $5 bxc6 17. a5) 16... Bf6 17. Bc2 g6 $8 18. Bh6 Re8 19. Re1 Qb6 (19... Nb4
$6 20. Nxg6 $1 hxg6 21. Bxg6 fxg6 22. Rxg6+ Kf7 23. Qh5 Ke7 24. Rxf6 $36) 20.
Rg4 Ne7 (20... Qxb2 $6 21. Bxg6 $1 Qxe2 22. Bxf7+) 21. h4 Nf5 22. Bg5 Bg7 23.
h5 Qxb2 (23... Nxd4 24. Qe3 Bxe5 25. Qxe5 Nxc2 26. Bh6 f6 27. Qxf6 Qc7 28. hxg6
$18) (23... f6 $5) 24. h6 Bf8 (24... Bh8 $5) 25. d5 $8 Bxd5 (25... exd5 $2 26.
Bxf5 Qxe2 27. Rxe2 gxf5 28. Rg3 $18) 26. Nd7 Nxh6 (26... Be7 $2 27. Bxe7 Rxe7
28. Bxf5 Qxe2 29. Nf6+ Kh8 30. Rxe2 gxf5 31. Rg7 $18) 27. Rh4 (27. Nf6+ Kh8 28.
Nxe8 Nxg4 29. Nc7 Rc8) 27... Be7 $1 $8 28. Qd2 Nf5 29. Bxe7 Rxe7 (29... Nxe7 $2
30. Qg5 $1) 30. Rb4 Qg7 31. Nb6 Rd8 $6 (31... Rae8 $1 32. Bxf5 gxf5 33. Nxd5
exd5 34. Rxe7 Rxe7 $19) 32. Bxf5 gxf5 33. Nxd5 Rxd5 $2 (33... Red7 $1 34. Ne7+
Kf8) 34. Qxd5 exd5 35. Rxe7 Qg5 36. Re3 (36. Rbxb7 Qc1+ 37. Kh2 Qf4+ $10) 36...
Qf6 37. Rxb7 f4 $6 (37... Qa1+ 38. Kh2 Qxa4 $13) 38. Rd3 Qe5 39. Rb1 Qe4 40.
Rbd1 $138 (40. Rbd1 Qxa4 41. Rxd5 $14) 1-0

[Event "British CF-68 Championship"]
[Site "Morecambe/ Lancashire"]
[Date "1981.08.11"]
[Round "8"]
[White "Law, Andrew P"]
[Black "Clarke, Peter Hugh"]
[Result "1/2-1/2"]
[WhiteElo "2380"]
[BlackElo "2320"]
[Annotator "ChessBase"]
[PlyCount "89"]
[EventDate "1981.08.03"]
[EventType "swiss"]
[EventRounds "11"]
[EventCountry "ENG"]
[SourceTitle "EXT 1999"]
[Source "ChessBase"]
[SourceDate "1998.11.16"]
[SourceVersion "1"]
[SourceVersionDate "1998.11.16"]
[SourceQuality "1"]

1. d4 d5 2. c4 dxc4 3. Nf3 a6 4. e3 Nf6 5. Bxc4 e6 6. O-O c5 7. a4 Nc6 8. Qe2
Qc7 9. Nc3 Bd6 10. dxc5 Bxc5 11. e4 Ng4 12. g3 O-O 13. Bf4 Bd6 14. Bxd6 Qxd6
15. Rad1 Qb4 16. Ba2 b6 17. Ng5 Nh6 18. f4 Bb7 19. Rd7 Na5 20. Rfd1 Rac8 21. h3
Ba8 22. R7d4 Qc5 23. Kh2 e5 24. Rd6 exf4 25. gxf4 Rc6 26. e5 Rxd6 27. Rxd6 Qb4
28. Qf2 Nc6 29. Bb1 f6 30. Nd5 Qxa4 31. exf6 gxf6 32. Nxf6+ Kh8 33. Nh5 Nf5 34.
Rd7 Nce7 35. Bxf5 Nxf5 36. Rxh7+ $4 (36. Nf7+ {mates}) 36... Kg8 37. Ng3 Nxg3
38. Kxg3 Qb3+ 39. Kh4 Qc4 40. Kg3 Qb3+ 41. Kh4 Qc4 42. Kg4 Be4 43. Re7 Bf5+ 44.
Kg3 Qd3+ 45. Re3 1/2-1/2

[Event "FIDE-Wch k.o."]
[Site "Groningen"]
[Date "1997.12.10"]
[Round "1.2"]
[White "Portisch, Lajos"]
[Black "Luther, Thomas"]
[Result "1/2-1/2"]
[WhiteElo "2610"]
[BlackElo "2525"]
[Annotator "ChessBase"]
[PlyCount "101"]
[EventDate "1997.12.09"]
[EventType "k.o."]
[EventRounds "7"]
[EventCountry "NED"]
[SourceTitle "CBM 063"]
[Source "ChessBase"]
[SourceDate "1998.03.26"]
[SourceVersion "1"]
[SourceVersionDate "1998.03.26"]
[SourceQuality "1"]

1. d4 d5 2. c4 dxc4 3. Nf3 e6 4. e3 a6 5. Bxc4 Nf6 6. Nc3 c5 7. Bd3 Nc6 8. O-O
cxd4 9. exd4 Be7 10. a3 O-O 11. Re1 b5 12. Bb1 (12. Bc2 Bb7 13. Qd3 g6 (13...
b4 14. Na4 $13) 14. Bh6 Re8 15. Rad1 Qd6 16. b4 Rac8 17. Bb3 a5 18. d5 exd5 19.
Nxd5 Nxd5 20. Bxd5 Nd8 21. Qd4 Bf8 22. Rxe8 Ne6 23. Rxf8+ Rxf8 {1-0 Olafsson,
H-Thorhallsson,T/Reykjavik zt 1995/CBM 47}) 12... Bb7 13. Qd3 Na5 $1 14. Bg5 g6
15. Ba2 {/\ Rad1, Ne5, Bh6} (15. Ne5 $2 Nb3 $17) 15... Nc4 $5 16. Bxc4 bxc4 17.
Qxc4 Bxf3 18. gxf3 Qb6 $44 19. Na4 (19. Ne4 Nxe4 20. Bxe7 Nd2 21. Qe2 Qb7 22.
Qxd2 Qxe7 23. Rac1 (23. d5 Qd6 $15) 23... Rfd8 $44 {Luther}) 19... Qb7 20. Qe2
Qd5 21. Bh6 Rfd8 22. Rad1 (22. Nb6 Qh5 23. Nxa8 Qxh6 24. Qxa6 Bd6 $40 {Luther})
22... Bd6 23. f4 Qc6 $6 (23... Qf5 {wäre hier die bessere Wahl gewesen} 24. Nc5
(24. Qd3 Qxd3 25. Rxd3 Nd5 $44) 24... Nd5 $44 {Luther}) 24. Nc3 Nd5 25. Qe4 Bf8
26. Bxf8 Kxf8 27. Rc1 Qb6 28. Qe5 Kg8 29. Ne4 $6 {Der damit eingeleitete
Angriffsversuch sieht verheißungsvoll aus, sollte aber letztlich nach hinten
losgehen.} Qxb2 30. Rc5 Qb8 $15 31. Rxd5 {Konsequent!} exd5 32. Nf6+ Kh8 33.
Qg5 Rd6 $2 (33... Qb6 $1 {war die weitaus bessere Verteidigung.} 34. Re3 $5 (
34. Qh4 $2 Kg7 $19) (34. Re7 Kg7 $19) 34... Qb1+ $1 {Fritz} (34... Rd6 35. Rh3
$1 Rxf6 36. Qh6 Qb1+ $11 {Schwarz muß Dauerschach geben.}) 35. Kg2 Qf5 36. Rh3
Qxg5+ 37. fxg5 h5 38. gxh6 Rac8 $15) 34. Re7 $14 Qf8 35. Qe5 Rxf6 36. Qxf6+ Kg8
37. Rd7 Qe8 38. Re7 Qf8 39. Qe5 (39. h3 Re8 $13) 39... Rd8 $2 (39... Qc8 $1 40.
Qxd5 Qg4+ 41. Kf1 Rf8 $11 {Die schlechte Königsstellung macht alle weißen
Gewinnversuche zunichte (Luther).}) 40. a4 a5 41. Kg2 Rc8 42. Rd7 $2 {Vergibt
die Chance einer langsamen Verbesserung der Stellung: h2-h3, f4-f5+/-/+- und
erst dann evtl. Rd7 stand (leider!) nichts im Wege.} Qb4 43. f5 Qxa4 44. Rxf7
Kxf7 45. Qe6+ Kf8 46. Qxc8+ Qe8 47. Qc5+ Kg7 48. Qc7+ Kf6 49. Qd6+ Kxf5 50.
Qxd5+ Kf6 51. Qxa5 1/2-1/2

[Event "Dortmunder Schachtage-13"]
[Site "Dortmund"]
[Date "1985.09.20"]
[Round "10"]
[White "Bischoff, Klaus"]
[Black "Hort, Vlastimil"]
[Result "1-0"]
[WhiteElo "2415"]
[BlackElo "2545"]
[Annotator "ChessBase"]
[PlyCount "67"]
[EventDate "1985.09.10"]
[EventType "tourn"]
[EventRounds "11"]
[EventCountry "GER"]
[EventCategory "9"]
[SourceTitle "MCL"]
[Source "ChessBase"]
[SourceDate "1999.07.01"]
[SourceVersion "1"]
[SourceVersionDate "1999.07.01"]
[SourceQuality "1"]

1. d4 d5 2. Nf3 Nf6 3. c4 dxc4 4. e3 e6 5. Bxc4 c5 6. O-O a6 7. a4 Nc6 8. Qe2
cxd4 9. Rd1 Be7 10. exd4 O-O 11. Nc3 Nb4 $5 {risky} (11... Nd5 $1 $10) 12. Ne5
b6 (12... Nfd5 $5 13. Ne4 (13. Qe4 $5 {/\Qg4}) 13... b6 14. Ra3 f5 $5 {Browne,
W-Christiansen,L/USA/1977/0-1/41/} 15. Ng3 $5 (15. Rh3 $6 fxe4 16. Qxe4 h5 $1))
13. Ne4 $5 (13. Qf3 $1 $14 Nfd5 14. Qg3 $40) 13... Bb7 (13... Nfd5 14. Ra3 f6 {
Barlov,D-Dake,A/New York op/1988/1-0/39/}) 14. Nxf6+ Bxf6 15. Ra3 $40 {Ra3-g3/
-h3} Rc8 16. Rh3 Rc7 (16... Bxe5 $2 17. dxe5 Qc7 18. Rd4 $1 {/\Rdh4}) 17. b3 b5
18. axb5 axb5 19. Qh5 $1 (19. Bxb5 Qd5 $44 20. Rg3 Rc2) 19... Be4 20. Bxb5 Nd5
21. Bc4 h6 22. Rg3 $16 Kh7 23. Qe2 Bf5 24. Rf3 Kg8 25. h3 Qa8 26. Ng4 Bxg4 27.
hxg4 Rd8 28. Bxh6 Qa7 29. Bc1 Bxd4 30. g5 $18 g6 $2 31. Bb2 e5 (31... Bxb2 32.
Qxb2 {/\Rh3}) 32. Bxd4 exd4 33. Bxd5 Rxd5 34. Qe8+ (34. Qe8+ Kg7 35. Rh3 $18)
1-0

[Event "Candidates Tournament Montpellier"]
[Site "Montpellier"]
[Date "1985.10.??"]
[Round "13"]
[White "Vaganian, Rafael A"]
[Black "Seirawan, Yasser"]
[Result "1/2-1/2"]
[WhiteElo "2625"]
[BlackElo "2570"]
[Annotator "ChessBase"]
[PlyCount "210"]
[EventDate "1985.10.13"]
[EventType "tourn"]
[EventRounds "15"]
[EventCountry "FRA"]
[EventCategory "14"]
[SourceTitle "Candidates"]
[Source "ChessBase"]
[SourceDate "1999.07.01"]
[SourceVersion "2"]
[SourceVersionDate "1999.07.01"]
[SourceQuality "1"]

1. d4 d5 2. Nf3 c5 3. c4 dxc4 4. e3 e6 5. Bxc4 Nf6 6. O-O a6 7. Bb3 Nc6 8. Qe2
Be7 9. Rd1 cxd4 10. exd4 Na5 11. Bc2 b5 12. Bg5 Bb7 13. Bxf6 (13. d5 $5 exd5
14. Nd4 $44) 13... Bxf6 14. Nc3 O-O 15. Be4 Qe7 16. Bxb7 Nxb7 17. Ne4 Nd6 18.
Rac1 Nxe4 19. Qxe4 Qb4 20. b3 Rad8 21. Rc6 Rd6 22. Rxd6 Qxd6 23. Rc1 h6 24. Rc6
Qa3 25. Qc2 Rd8 26. Rc8 Qf8 27. Rxd8 Qxd8 28. Qc5 g6 29. Kf1 Qa8 30. a4 bxa4
31. bxa4 Qb7 32. Qc4 Kg7 33. h3 g5 34. Qd3 Qc6 35. Qb3 h5 36. Qd1 Qd7 37. Kg1
Kf8 38. Qc2 Kg7 39. Qc4 Qb7 40. Nd2 Qb2 41. Nb3 Qb1+ 42. Kh2 Qa2 43. Kg1 Qb1+
44. Kh2 Qe1 45. Qxa6 Qxf2 46. Qd3 h4 47. Qf3 Qa2 48. a5 Be7 49. Kg1 Bd6 50. Kf1
Bg3 51. Qe3 Kf8 52. d5 exd5 53. Nc5 Qc4+ 54. Nd3 d4 55. Qd2 Bd6 56. Ke2 f6 57.
Qb2 Kg7 58. a6 Qxa6 59. Qxd4 Qc6 60. Nf2 Bc5 61. Qe4 Qd7 62. Nd3 Bd4 63. Qg4
Qe8+ 64. Kd1 Qa4+ 65. Ke1 Qc4 66. Qd7+ Kh6 67. Qd8 Qe6+ (67... Qxd3 68. Qf8+
Kg6 69. Qg8+ Kh6 (69... Kf5 $2 70. Qh7+ $18) 70. Qf8+ $10) 68. Kd1 Bb6 69. Qa8
Kg7 70. Qb7+ Kg6 71. Qa8 Kg7 72. Qb7+ Kh6 73. Qa8 Kg6 74. Kd2 Bd4 75. Qf3 Qa2+
76. Ke1 Kh6 77. Qe4 Bc3+ 78. Kf1 Qc2 79. Nf2 Qc1+ 80. Ke2 Qb2+ 81. Kf3 Be5 82.
Ng4+ Kg7 83. Ne3 Qb3 84. Qd5 Qxd5+ 85. Nxd5 f5 86. Nb4 Kf6 87. Nd3 Ke6 88. Nc1
Kd5 89. Ne2 Kc4 90. Nc1 Kc3 91. Ne2+ Kd2 92. Kf2 g4 93. Kf1 Ke3 94. Ng1 Ke4 95.
hxg4 fxg4 96. Nf3 $1 Bf6 (96... gxf3 97. gxf3+ Kxf3 98. Kg1 $10) 97. Nh2 g3 98.
Kg1 $1 Kd3 99. Kh1 Ke2 100. Nf3 Bd8 101. Ng1+ Kf1 102. Nh3 Bb6 103. Ng1 Bd4
104. Nh3 Be3 105. Ng1 Bxg1 1/2-1/2

[Event "URS-ch55"]
[Site "Moscow"]
[Date "1988.07.??"]
[Round "10"]
[White "Eingorn, Vereslav S"]
[Black "Ehlvest, Jaan"]
[Result "1/2-1/2"]
[WhiteElo "2560"]
[BlackElo "2580"]
[Annotator "ChessBase"]
[PlyCount "40"]
[EventDate "1988.07.??"]
[EventType "tourn"]
[EventRounds "17"]
[EventCountry "URS"]
[EventCategory "14"]
[SourceTitle "URS-ch"]
[Source "ChessBase"]
[SourceDate "1999.07.01"]
[SourceVersion "1"]
[SourceVersionDate "1999.07.01"]
[SourceQuality "1"]

1. d4 d5 2. c4 dxc4 3. e3 Nf6 4. Bxc4 e6 5. Nf3 c5 6. O-O a6 7. Bd3 Nbd7 $5 8.
a4 b6 9. Qe2 Bb7 10. Rd1 Qc7 11. h3 Be7 12. Nc3 O-O 13. Bd2 Bd6 (13... Rfd8)
14. Rac1 e5 15. Bb1 Rfe8 16. dxc5 Nxc5 17. Ba2 Qe7 18. e4 $5 Ncxe4 19. Ng5 Nxg5
20. Bxg5 e4 $1 1/2-1/2

[Event "URS-ch58"]
[Site "Moscow"]
[Date "1991.??.??"]
[Round "2"]
[White "Magerramov, Elmar S"]
[Black "Ibragimov, Ildar"]
[Result "1/2-1/2"]
[WhiteElo "2560"]
[BlackElo "2485"]
[Annotator "ChessBase"]
[PlyCount "65"]
[EventDate "1991.11.??"]
[EventType "swiss"]
[EventRounds "11"]
[EventCountry "URS"]
[SourceTitle "URS-ch"]
[Source "ChessBase"]
[SourceDate "1999.07.01"]
[SourceVersion "1"]
[SourceVersionDate "1999.07.01"]
[SourceQuality "1"]

1. d4 d5 2. c4 dxc4 3. Nf3 Nf6 4. e3 e6 5. Bxc4 c5 6. O-O a6 7. a4 Nc6 8. Qe2
cxd4 9. Rd1 Be7 10. exd4 O-O 11. Nc3 Nd5 12. Bb3 $5 Ncb4 13. Ne5 Bd7 14. Qg4
Nf6 $1 15. Qg3 Bc6 16. Bh6 Ne8 17. Rac1 (17. Nxc6 $5 bxc6 18. Ne4 $14) 17...
Rc8 18. Qg4 Kh8 19. d5 $5 Bxd5 20. Nxd5 Rxc1 21. Bxc1 exd5 22. Qf5 Nf6 $1 23.
Bg5 Qd6 24. Re1 $1 Kg8 25. g3 a5 $6 (25... Nc6 $5) 26. Nd7 $1 Ra8 27. Rxe7 $1
Qxe7 28. Bxf6 gxf6 29. Nxf6+ Kg7 30. Qg5+ Kh8 31. Qf5 Kg7 32. Qg5+ Kh8 33. Qf5
1/2-1/2

[Event "Oslo Schakselskaps Jubilee"]
[Site "Oslo"]
[Date "1984.04.20"]
[Round "8"]
[White "Karpov, Anatoly"]
[Black "Huebner, Robert"]
[Result "1/2-1/2"]
[WhiteElo "2700"]
[BlackElo "2620"]
[Annotator "ChessBase/Huebner,R"]
[PlyCount "70"]
[EventDate "1984.04.12"]
[EventType "tourn"]
[EventRounds "9"]
[EventCountry "NOR"]
[EventCategory "13"]
[SourceTitle "MCL"]
[Source "ChessBase"]
[SourceDate "1999.07.01"]
[SourceVersion "1"]
[SourceVersionDate "1999.07.01"]
[SourceQuality "1"]

1. Nf3 {1) Hübner,Robert: 55 feiste Fehler.Stamsried.1990. Verlag Ernst
Vögel. Nr.19, S:42-43.} d5 2. d4 Nf6 3. c4 dxc4 4. e3 e6 5. Bxc4 a6 6. a4 c5
7. O-O Nc6 8. Qe2 cxd4 9. Rd1 Be7 10. exd4 O-O 11. Nc3 Nd5 12. Bd3 Ncb4 13. Be4
(13. Bb1 b6) 13... Nf6 (13... b6 $5) 14. Bf4 $5 Nbd5 (14... Nxe4 $5) 15. Nxd5
exd5 16. Bd3 Bg4 17. Rdc1 Re8 18. Bc7 Qd7 19. Qe3 Bxf3 20. Qxf3 $14 Bd6 21. Ba5
Ne4 22. Re1 Qc6 23. Re2 Re6 24. Rc2 Qd7 25. Bf1 Rc8 26. Rxc8+ Qxc8 27. Be1 Qc2
28. Qd1 Qxb2 29. Rb1 {[#]} Nc3 $11 (29... Nxf2 $1 $11 {With practical chances
to win} 30. Bxf2 $1 (30. Rxb2 Nxd1 31. Re2 Ne3 $19) (30. Qc1 Nh3+ $1 (30...
Qxc1 31. Rxc1 Ne4 32. Rc8+ Bf8 33. Bb4 Nd6 34. Rb8 $16) 31. Kh1 (31. gxh3 $2
Qxh2#) 31... Qxd4 (31... Qxc1 32. Rxc1 Nf4 33. Rc8+ Bf8 34. Bb4 Ng6 35. g3 $14
{/\Bg2}) 32. Qc8+ (32. gxh3 $2 Bc5 $19) 32... Bf8 33. gxh3 Qe4+ 34. Kg1 Qxb1
$19) 30... Bxh2+ $1 31. Kxh2 Qxf2 {/\Rh6} 32. Rb3 $1 {[#]} Re4 $1 (32... Re1
33. Qg4 $1 f5 34. Qg5 Qxf1 35. Qd8+ Kf7 36. Qxd5+ $14) 33. a5 g6 (33... Rxd4
$11) 34. Rf3 Rh4+ 35. Rh3 Rf4 (35... Rxd4 36. Qf3 Rf4 37. Qxf2 Rxf2 38. Kg1 Ra2
) 36. Rf3 Rh4+ $11) 30. Bxc3 Qxc3 31. Rxb7 g6 32. Qf3 Qxf3 33. gxf3 a5 34. Rb5
Bb4 35. Rxd5 Rd6 1/2-1/2

[Event "Bad Woerishofen op 14th"]
[Site "Bad Woerishofen"]
[Date "1998.03.09"]
[Round "4"]
[White "Dautov, Rustem"]
[Black "Arbakov, Valentin"]
[Result "1-0"]
[WhiteElo "2600"]
[BlackElo "2445"]
[Annotator "Dautov,R"]
[PlyCount "123"]
[EventDate "1998.03.06"]
[EventType "swiss"]
[EventRounds "9"]
[EventCountry "GER"]
[SourceTitle "CBM 063 Extra"]
[Source "ChessBase"]
[SourceDate "1998.04.29"]
[SourceVersion "1"]
[SourceVersionDate "1998.04.29"]
[SourceQuality "1"]

1. d4 Nf6 2. Nf3 d5 3. c4 dxc4 4. e3 e6 5. Bxc4 c5 6. O-O a6 7. Bb3 Nc6 8. Qe2
Qc7 9. Nc3 Be7 $146 (9... Bd6 10. Bd2 O-O 11. Rac1 Rd8 12. h3 (12. dxc5 $5)
12... cxd4 13. exd4 Bf4 14. Be3 Bd7 15. d5 exd5 16. Nxd5 Nxd5 17. Bxd5 Bxe3 18.
fxe3 Be8 19. e4 Qe7 20. Qc4 Rac8 21. a3 Bd7 22. Qb3 Be6 $11 {Gurevich,
D-Raetsky,A/Bern op 1995}) 10. dxc5 Bxc5 11. Bd2 (11. e4 $2 Ng4 {/\Nd4-+})
11... O-O 12. Rac1 Ba7 (12... Bd6 13. h3 Bd7 14. e4 $14) (12... b6 13. Na4 Bd6
14. e4 $14) (12... Rd8 13. Nd5 Nxd5 14. Rxc5 $14) 13. h3 Rd8 14. Rfd1 (14. Kh1
$5 {/\e4}) 14... Bd7 15. e4 Be8 (15... Nh5 16. e5 $1 (16. Bg5 $5 f6 17. Be3 Nf4
(17... Bxe3 18. Qxe3 $14) 18. Bxf4 Qxf4 19. Rc2 Qc7 20. Rcd2 Kh8 $13) 16... Ng3
17. Qe1 Be8 18. Bc2 $14) 16. e5 Nd7 17. Bg5 Rdc8 18. Bf4 $16 {/\Ne4-d6} Nf8 (
18... Nc5 19. Bc2 $16) 19. Ne4 Ng6 20. Bg3 Qe7 (20... Nd4 $2 21. Nxd4 Qxc1 22.
Rxc1 Rxc1+ 23. Kh2 Bxd4 24. Qd2 $18) 21. Nd6 Nd4 $1 22. Nxd4 Rxc1 23. Rxc1 Bxd4
24. Rc4 Ba7 25. Qc2 $1 (25. Nc8 Qd8 26. Nxa7 Rxa7 27. Qe3 Ra8 $14) 25... Bc6
26. Ba4 Bxa4 (26... Bd5 27. Rc8+ Rxc8 28. Qxc8+ Nf8 29. Be8 $16) 27. Rxa4 h5 (
27... Rd8 28. Nc8 Qc5 29. Rc4 Rxc8 30. Rxc5 Rxc5 31. Qe4 Rd5 32. Kh2 $16) 28.
h4 {><h5} Qd8 29. Qe2 (29. Rc4 $16) 29... b5 30. Re4 (30. Rxa6 $5 Bxf2+ 31.
Qxf2 Rxa6 32. Qxf7+ Kh7 33. Qf3 $1 (33. Ne8 $2 Qd4+ 34. Kh2 Ra7 35. Nf6+ Kh6
36. Ng8+ $11) 33... Kg8 34. Qxh5 $16) 30... Qa5 31. a3 Rf8 (31... Qc7 32. Qxh5
Qc1+ 33. Kh2 Qxb2 34. Nxf7 Kxf7 35. Rf4+ $18) 32. Qxh5 (32. Kh2 $1 $18 {/\Qh5})
32... Qd2 33. Qf3 $4 $138 (33. Qe2 $18) 33... f5 $1 34. exf6 Rxf6 35. Qe2 Bxf2+
$1 36. Bxf2 Qxd6 $11 37. Rd4 Qc6 38. Rd8+ Kf7 $6 (38... Rf8 39. Rxf8+ Kxf8 $11)
39. Qd2 Nf4 40. Be3 $2 (40. Qd7+ Qxd7 41. Rxd7+ Kg6 42. Be3 $14) 40... Nd5 41.
Qe2 Rf5 42. Rh8 Qc7 43. Bg5 Nf4 44. Qg4 Ng6 $2 (44... Qe5 45. Bxf4 Rxf4 46.
Qh5+ Qxh5 47. Rxh5 $11) 45. Rd8 Qc2 $2 46. Rd7+ Kg8 47. Be3 $16 {/\h5} Qc6 48.
Ra7 Qc4 $8 49. Qxc4 bxc4 50. Rxa6 Re5 51. Bd4 (51. Bg5 Re1+ 52. Kf2 Rb1 53.
Rxe6 Rxb2+ 54. Kf3 Kf7 55. Re3 $16) 51... Re4 52. Bc3 Nxh4 (52... Nf4 53. g3
Ne2+ 54. Kf2 Nxc3 55. bxc3 $16) 53. Ra8+ Kh7 54. Kf2 $2 $138 (54. a4 $1 Re2 55.
a5 Rxg2+ 56. Kf1 Rh2 57. a6 Rh1+ 58. Kf2 Ra1 59. a7 Nf5 60. Bb4 Ra4 (60... Nd4
61. Ba3 $18) 61. Bc5 $18) 54... Rf4+ 55. Ke2 Re4+ 56. Kf2 Rf4+ 57. Kg3 g5 58.
Rh8+ Kg6 59. Rg8+ Kh5 60. Rh8+ Kg6 61. Rg8+ Kh5 62. Rh8+ 1-0

[Event "Olympiad-33"]
[Site "Elista"]
[Date "1998.10.09"]
[Round "10.2"]
[White "Nisipeanu, Liviu Dieter"]
[Black "Dautov, Rustem"]
[Result "1/2-1/2"]
[WhiteElo "2575"]
[BlackElo "2625"]
[Annotator "Dautov,R"]
[PlyCount "68"]
[EventDate "1998.09.29"]
[EventType "team-swiss"]
[EventRounds "13"]
[EventCountry "RUS"]
[SourceTitle "CBM 068"]
[Source "ChessBase"]
[SourceDate "1999.02.01"]
[SourceVersion "1"]
[SourceVersionDate "1999.02.01"]
[SourceQuality "1"]
[WhiteTeam "Romania"]
[BlackTeam "Germany"]
[WhiteTeamCountry "ROU"]
[BlackTeamCountry "GER"]

1. e4 c6 2. d4 d5 3. exd5 cxd5 4. c4 Nf6 5. Nc3 e6 6. Nf3 Bb4 7. Bd3 dxc4 8.
Bxc4 O-O 9. O-O a6 10. a4 Nc6 (10... b6 $5 11. Qe2 Bb7 12. Bg5 Nbd7 13. Rac1
Qb8 14. Ne5 Nxe5 15. dxe5 Bxc3 16. bxc3 Ne4 17. Bf4 Qc7 $11 {Voitsekhovsky,
S-Dreev,A/St. Petersburg 1998}) 11. Bg5 h6 12. Bh4 Be7 13. Rc1 (13. Re1 Bd7 (
13... Nd5 14. Bg3 $14) 14. Bg3 Nb4 15. Ne5 Be8 16. Bb3 Rc8 17. Qf3 Bc6 18. Nxc6
bxc6 19. Red1 a5 20. Rac1 Qb6 21. Bc4 Rfd8 $11 {Pinter,J-Psakhis,L/Las Palmas
1982}) 13... Nh5 $1 (13... Qb6 $5 14. Qb3 $2 (14. d5 $1 Rd8 15. Qe2 exd5 16.
Bxf6 Bxf6 17. Nxd5 Qxb2 18. Rc2 Qa3 19. Nxf6+ gxf6 20. Qe4 $44) 14... Qxb3 15.
Bxb3 Rd8 16. Rfd1 g5 17. Bg3 g4 18. Ne5 Nxd4 $15 {Thanh Trang,H-Kiss,F/Mamaia
1991}) 14. Bxe7 (14. Bg3 Nxg3 15. hxg3 Bf6 16. d5 exd5 17. Bxd5 Nb4 $11) 14...
Nxe7 15. Ne5 (15. d5 exd5 16. Nxd5 (16. Bxd5 Nxd5 17. Qxd5 Nf6 $11) 16... Nxd5
17. Bxd5 Nf4 $11) 15... Nf6 16. Qd3 (16. Re1 Bd7 17. Qf3 Bc6 $11) 16... Bd7 17.
Ba2 Rc8 18. Rfd1 (18. Bb1 Bc6 19. Ng4 Ng6 $15) 18... Bc6 19. Bb1 {Ein Beispiel
zum Thema Prophylaxe. Schwarz strebt die Aufstellung Qb6 (d6), Rfd8 an, dabei
sollte er die gegnerische Drohung Ne5-g4 berücksichtigen.} Re8 $1 (19... Ned5
$2 20. Ng4 $36) 20. h3 Ned5 $2 {Ein frühzeitiger Ausfall. Noch etwas Geduld
war erforderlich.} (20... Qd6 $6 21. Ng4 Nxg4 22. Qh7+ Kf8 23. Qh8+ Ng8 24.
hxg4 $40) (20... Kf8 $1 $15 {wäre richtig. Nach diesem zweiten
prophylaktischen Zug könnte Schwarz das Gegenspiel des Gegner auf der
Diagonale b1-h7 ganz ausschalten und seine Stellung weiter verbessern (Qb6,
Rfd8).} 21. Ng4 Ned5 $1) 21. Ne4 $1 $11 {Nun gelingt es Weiß, die schwarze
Bauernstruktur zu verschlechtern und damit die Stellung auszugleichen.} (21.
Ng4 $2 Nxg4 (21... Kf8 $15) 22. Qh7+ Kf8 23. hxg4 Qg5 24. Nxd5 Qxd5 25. f3 Bxa4
$17) 21... Nxe4 (21... Bxa4 $2 22. Rxc8 Qxc8 23. Nd6 $16) 22. Nxc6 (22. Qxe4 $2
Nf6 23. Nxc6 Rxc6 $15) 22... Rxc6 (22... bxc6 23. Qxe4 g6 24. Bd3 a5 25. b3 Qb6
26. Bc4 $11) 23. Rxc6 bxc6 24. Qxe4 g6 25. Qc2 $1 (25. Bd3 a5 26. Bc4 Qb6 27.
Qc2 Rd8 {/\Nb4 ><d4}) 25... Qb6 26. Qd2 $1 {/\a5} Kg7 27. a5 Qb4 (27... Qb3 $6
28. Rc1 Nb4 (28... Rb8 29. Rxc6 Qxb2 30. Qxb2 Rxb2 31. Be4 $14) 29. Qc3 $14)
28. Qxb4 Nxb4 29. Rc1 (29. Be4 $2 Rd8 $17 {/\c5}) 29... Kf6 (29... e5 $2 30.
Re1 $1 (30. dxe5 $2 Rxe5 $17) 30... Rd8 31. dxe5 Rd2 32. b3 $14) 30. Rc4 Rb8
31. Be4 (31. Kf1 $2 Ke7 32. Ke2 Kd6 $17 {/\Nd5}) 31... Rb5 32. Bxc6 Nxc6 33.
Rxc6 Rxa5 34. b4 Rb5 (34... Ra4 35. d5 $11) (34... Rb5 35. Rxa6 Rxb4 36. d5 $11
) 1/2-1/2